Normal view
MARC view
- Mohan,Chandra
Entry Personal Name
001 - CONTROL NUMBER
- control field: 1173
003 - CONTROL NUMBER IDENTIFIER
- control field: JO-AjAnu
005 - DATE AND TIME OF LATEST TRANSACTION
- control field: 20230606070509.0
008 - FIXED-LENGTH DATA ELEMENTS
- fixed length control field: 230606|| aca||aabn | a|a d
040 ## - CATALOGING SOURCE
- Original cataloging agency: JO-AjAnu
- Transcribing agency: JO-AjAnu
100 ## - HEADING--PERSONAL NAME
- Personal name: Mohan,Chandra
670 ## - SOURCE DATA FOUND
- Source citation: Work cat.: (JO-AjAnu)615: Mohan,Chandra, author, Design and Analysis of Algorithms